000 00724nam a2200205 i 4500
001 99273
003 ES-MaACL
005 20251018063057.0
007 t|
008 050906s1971 sp ||||1| spa d
100 1 _aMartín Lagos, Francisco,
_d1897-1972
_977533
245 1 3 _aLa enfermera en los departamentos operatorio y de cuidados intensivos /
_cFrancisco Martín Lagos; prólogo del Dr. M. Gómez Durán.
250 _a2ª ed. amp y act.
260 _aAlcoy :
_bMarfil,
_c1971.
300 _a474 p. con 1 plan. :
_bil. ;
_c22 cm.
650 4 _aEnfermería quirúrgica.
_9167989
700 1 _aGómez Durán, Manuel,
_d1898-1984
_9167990
852 _aES-MaACL
_jC-38469
_bR.78652
999 _c99273
_d99273